| 000 | 00614nam a2200157Ia 4500 | ||
|---|---|---|---|
| 008 | 210716s2016 xx 000 0 und d | ||
| 020 | _a9781785887192 | ||
| 041 | _aeng | ||
| 082 | _a004.607 AROC | ||
| 100 | _aArora, Chandermani; Hennessy, Kevin. | ||
| 245 |
_aAngular 2 by example: discover everything you need to know to build your own angular 2 applications the hands-on way. _bDiscover everything you need to know to build your own angular 2 applications the hands-on way. |
||
| 250 | _a1 | ||
| 260 |
_aMumbai _bPackt Publishing Ltd _c2016 |
||
| 300 | _ax,492 | ||
| 650 | _aHTML & XDHTML,Javascript, perlCEL | ||
| 999 |
_c196516 _d196516 |
||